[Event "18th Aeroflot Open-A 2020"]
[Site "Moscow"]
[Date "2020.02.21"]
[Round "3.12"]
[White "Petrosyan, Manuel"]
[Black "Jobava, Baadur"]
[Result "1/2-1/2"]
[WhiteElo "2590"]
[BlackElo "2620"]
[Annotator "TA"]
[PlyCount "43"]
[EventDate "2020.02.19"]
[EventType "swiss"]
[EventCountry "RUS"]
[SourceTitle "playchess.com"]
[Source "ChessBase"]
[SourceQuality "1"]

{[%evp 10,43,31,30,59,52,72,45,68,42,77,47,56,52,46,43,52,39,35,29,38,32,46,37,44,0,0,0,0,7,7,7,7,0,10,2]} 1. d4 Nf6 2. c4 c6 3. Nf3 d5 4. e3 Bf5 5. Nc3 e6 6. Nh4 g6 {Recently 6...Be4 got a lot of attention. D12: Slav Defence: 3 Nf3 Nf6 4 e3 Bf5.} 7. f3 h5 {[#]} 8. g3 $146 ({Predecessor:} 8. Qb3 Qe7 9. Nxf5 gxf5 10. Be2 Qc7 11. cxd5 cxd5 12. e4 dxe4 13. d5 Nxd5 14. Nxd5 exd5 15. Qxd5 {0-1 (55) Neale,M (1969)-Ilonen,I (2033) ICCF email 2015}) 8... Nbd7 {White is slightly better.} 9. Qe2 Nb6 10. cxd5 exd5 11. Nxf5 gxf5 12. Qc2 h4 $1 13. Rg1 hxg3 14. hxg3 Rh5 15. Bd2 Qd7 16. O-O-O Nc4 17. Bd3 O-O-O {The position is equal.} 18. Rh1 {[#] Strongly threatening Rxh5.} Kb8 $1 19. Rxh5 Nxh5 20. Bxc4 dxc4 21. Ne2 Bd6 22. Qxc4 {Accuracy: White = 84%, Black = 84%.} 1/2-1/2

[Event "18th Aeroflot Open-A 2020"]
[Site "Moscow"]
[Date "2020.02.21"]
[Round "3.13"]
[White "Sindarov, Javokhir"]
[Black "Kobalia, Mikhail"]
[Result "1/2-1/2"]
[WhiteElo "2537"]
[BlackElo "2609"]
[Annotator "TA"]
[PlyCount "109"]
[EventDate "2020.02.19"]
[EventType "swiss"]
[EventCountry "RUS"]
[SourceTitle "playchess.com"]
[Source "ChessBase"]
[SourceQuality "1"]

{[%evp 9,109,8,23,0,8,5,12,0,30,29,25,22,9,10,12,6,18,22,31,31,29,29,32,27,34,13,34,33,34,33,33,43,43,26,29,8,12,6,6,10,9,9,9,0,31,31,31,32,45,47,66,66,66,66,66,66,66,66,66,66,66,66,69,50,50,50,58,58,58,58,58,58,58,0,58,0,58,58,58,58,58,21,21,21,57,45,58,58,58,58,58,37,37,37,59,59,59,37,37,37,44,37]} 1. e4 e5 2. Nf3 Nc6 3. Bb5 Nf6 4. d3 Bc5 5. c3 d5 6. Nbd2 {C65: Ruy Lopez: Berlin Defence (3...Nf6), unusual lines and 4 0-0 Bc5.} O-O 7. O-O dxe4 8. dxe4 {The position is equal.} a5 $1 {[%mdl 4] now scores much better than the old 8...Qe7. Played by Santosh Gujrathi Vidit in November 2019.} 9. Bxc6 bxc6 10. Nxe5 Re8 11. Nb3 {[#] Black must now prevent Qxd8.} Qxd1 12. Rxd1 Bb6 13. Nc4 Nxe4 14. Nxb6 cxb6 15. f3 Nc5 16. Nxc5 bxc5 17. Bf4 Bf5 18. Rd6 Re6 19. Rad1 h5 {[#]} 20. Rd8+ $146 ({Predecessor:} 20. Kf2 a4 21. Rd8+ Re8 22. Rxe8+ Rxe8 23. Rd6 Rb8 24. Bc1 Rc8 25. b3 axb3 26. axb3 Bc2 27. b4 cxb4 28. cxb4 Ba4 29. Be3 Re8 30. Bb6 Re6 31. Rxe6 {½-½ (31) Karjakin,S (2748)-So,W (2763) Riga 2019}) 20... Re8 21. Rxa8 (21. Bc7 {is more complex.} a4 22. Rxa8 Rxa8 23. Rd8+ Rxd8 24. Bxd8 f6 25. Bb6) 21... Rxa8 $14 {[%mdl 4096] Endgame KRB-KRB} 22. Re1 f6 23. Re7 a4 24. a3 Rd8 25. Kf2 Rd1 26. Re1 (26. h4 {keeps more tension.} c4 27. Re8+ Kh7 28. Rb8 Bc2 29. Kg3) 26... Rxe1 (26... Rd8 {feels hotter.} 27. Re7) 27. Kxe1 $11 {KB-KB} c4 28. Kd2 Kf7 29. Ke3 c5 30. Bd6 Bc2 31. Bxc5 Bb3 32. Kd4 Ba2 33. Bd6 Ke6 34. Bf4 Bb3 35. Bc1 Kd6 36. g4 hxg4 37. fxg4 Ke6 38. h4 Kd6 39. Bd2 Ke6 40. Bf4 Ba2 41. Bd2 Bb3 42. Bc1 Kd6 $1 43. Bf4+ Ke6 44. Kc5 Ba2 45. Be3 Ke5 46. h5 Ke6 47. Bd4 {White is slightly better.} Kf7 48. Kd5 Bb3 49. Be3 Ba2 50. h6 gxh6 51. Bxh6 Bb3 52. Bc1 Ke7 53. g5 fxg5 54. Bxg5+ Kd7 55. Bf4 {Accuracy: White = 98%, Black = 95%.} 1/2-1/2

[Event "18th Aeroflot Open-A 2020"]
[Site "Moscow"]
[Date "2020.02.21"]
[Round "3.14"]
[White "Svane, Rasmus"]
[Black "Visakh N R"]
[Result "1/2-1/2"]
[WhiteElo "2608"]
[BlackElo "2518"]
[Annotator "TA"]
[PlyCount "133"]
[EventDate "2020.02.19"]
[EventType "swiss"]
[EventCountry "RUS"]
[SourceTitle "playchess.com"]
[Source "ChessBase"]
[SourceQuality "1"]

{[%evp 17,133,18,13,0,8,6,17,0,8,0,21,19,13,13,16,24,25,12,22,11,6,0,0,0,41,33,65,75,87,84,79,81,93,93,102,100,95,71,74,78,83,77,76,64,73,63,61,62,73,77,84,81,89,70,63,61,77,54,61,52,59,61,60,52,61,50,69,61,75,45,43,43,54,42,54,38,52,43,46,45,51,42,44,43,46,45,50,46,46,43,56,46,47,47,49,52,47,31,35,0,0,0,9,9,18,18,18,18,18,18,18,18,18,18,18,18,18,11]} 1. Nf3 c5 2. c4 Nc6 3. Nc3 g6 4. e3 Nf6 5. d4 cxd4 6. exd4 d5 7. cxd5 Nxd5 8. Qb3 e6 9. Bb5 Bg7 10. O-O {A35: Symmetrical English: 2 Nc3 Nc6 3 Nf3.} O-O 11. Bxc6 bxc6 12. Re1 $1 {[%mdl 4] outshines the older 12.Na4. Played by Anish Giri in November 2019.} Qc7 13. Bd2 Rb8 14. Qa3 {[#]} Nxc3 $146 ({Predecessor:} 14... Qe7 15. Qxe7 Nxe7 16. b3 Nf5 17. Rad1 Nxd4 18. Nxd4 Bxd4 19. Ne4 c5 20. Bf4 Rb7 {½-½ (29) Gledura,B (2615)-Safarli,E (2657) Brest 2018}) 15. Bxc3 Qb7 16. Qd6 Qa8 17. Ne5 Rb5 18. Nxc6 {Hoping for d5!} Bb7 19. d5 Bxc6 $1 20. Bxg7 Rd8 21. Qe7 $36 {[%mdl 2048] White has good play.} Rdxd5 22. Bc3 Qd8 {[#]} 23. Rxe6 $1 {[%mdl 512] Strongly threatening Qxd8+.} Qxe7 (23... fxe6 24. Qg7#) 24. Rxe7 Rb7 25. Re3 g5 26. Rae1 {Threatening mate with Re8+!} h6 27. h3 Kh7 28. Rf3 Rd6 29. Rf5 Kg6 30. Ra5 Bd7 31. Re4 a6 32. Rc5 Be6 33. a4 Rbd7 34. Rb4 Rd8 35. Kh2 Rc8 36. Re5 Rdc6 37. Ra5 Rd8 38. Kg3 Rd5 39. Rxd5 Bxd5 $14 {[%mdl 4096] Endgame KRB-KRB} 40. Rb8 f6 41. f3 h5 42. Kf2 Re6 43. Rb4 h4 44. Rd4 Bc6 45. Bd2 Re5 46. Rc4 Bd7 47. Be3 Re6 48. Rd4 Be8 49. b3 Rc6 50. Rd2 Rc3 51. Rd8 Kf7 52. Rb8 Rc2+ 53. Kg1 Rc6 54. Bd4 Rd6 55. Bc5 Re6 56. Kf2 Rc6 57. b4 a5 58. Bd4 Rc4 {The position is equal.} 59. Bxf6 Kxf6 60. Rxe8 axb4 $11 {KR-KR} 61. Rb8 b3 62. a5 Ra4 63. Rxb3 {Rb5 is the strong threat.} Rxa5 64. Rb4 Ra2+ 65. Kg1 Kg6 66. Rg4 Kh5 67. f4 {Accuracy: White = 96%, Black = 96%.} 1/2-1/2

[Event "18th Aeroflot Open-A 2020"]
[Site "Moscow"]
[Date "2020.02.21"]
[Round "3.15"]
[White "Nesterov, Arseniy"]
[Black "Yilmaz, Mustafa"]
[Result "1/2-1/2"]
[WhiteElo "2501"]
[BlackElo "2607"]
[Annotator "TA"]
[PlyCount "81"]
[EventDate "2020.02.19"]
[EventType "swiss"]
[EventCountry "RUS"]
[SourceTitle "playchess.com"]
[Source "ChessBase"]
[SourceQuality "1"]

{[%evp 13,81,0,0,0,0,0,0,0,0,0,9,-17,0,0,20,20,27,26,20,20,21,28,28,28,28,28,22,28,37,7,27,4,4,4,4,4,4,4,14,4,4,4,4,2,2,2,2,0,0,0,2,2,4,4,8,4,19,4,4,4,18,2,2,0,2,1,19,12,19,8]} 1. d4 Nf6 2. c4 e6 3. Nc3 Bb4 4. Qc2 O-O 5. e4 d5 6. e5 Ne4 7. Bd3 c5 $1 {[%cal Rc5d4]} 8. Nf3 $1 {The main line 8.Nf3 scores better than 8.Nge2. E32: Nimzo-Indian: Classical (4 Qc2): 4...0-0.} cxd4 9. Nxd4 Nd7 10. Bf4 Qh4 11. g3 Qh5 12. O-O g5 13. cxd5 Nxc3 (13... gxf4 {looks sharper.} 14. Nxe4 exd5 15. Nf6+ Nxf6 16. exf6 Bd6) 14. dxe6 gxf4 15. exd7 fxg3 16. hxg3 Bxd7 17. bxc3 Rac8 18. Bf5 Bxc3 19. Bxd7 Bxa1 20. Bxc8 Bxd4 {[#]} 21. Bf5 $146 {next Kg2 is good for White.} ({Predecessor:} 21. Bxb7 Qxe5 {½-½ (21) Stocek,J (2557)-Vitiugov,N (2724) Czech Republic 2016}) 21... Qf3 {[#] White must now prevent ...Qxg3+.} 22. Bxh7+ (22. Kh2 {is interesting.} b6 23. Be4 Qh5+ 24. Kg2 Qxe5 25. Rh1) 22... Kg7 $132 {[%mdl 2048] Strongly threatening ...Qxg3+. Black has counterplay. The position is equal.} 23. Qd3 Qxd3 24. Bxd3 Bxe5 $11 {[%mdl 4096] Endgame KRB-KRB} 25. Be4 b6 26. Rd1 Rc8 27. Rd7 Rc7 28. Rxc7 Bxc7 {KB-KB} 29. Kg2 Kf6 30. Bd5 Ke7 31. Kf3 Bd6 32. Ke4 Bc5 33. f4 f6 34. g4 Ba3 35. g5 fxg5 36. fxg5 Kf8 37. g6 Kg7 38. Bf7 a5 39. Be8 Bc5 40. a4 Bb4 41. Kd3 {Not much happened in this game. Accuracy: White = 96%, Black = 100%.} 1/2-1/2

[Event "18th Aeroflot Open-A 2020"]
[Site "Moscow"]
[Date "2020.02.21"]
[Round "3.16"]
[White "Karthikeyan, Murali"]
[Black "Pranesh M"]
[Result "1/2-1/2"]
[WhiteElo "2602"]
[BlackElo "2425"]
[Annotator "TA"]
[PlyCount "83"]
[EventDate "2020.02.19"]
[EventType "swiss"]
[EventCountry "RUS"]
[SourceTitle "playchess.com"]
[Source "ChessBase"]
[SourceQuality "1"]

{[%evp 9,83,20,17,11,26,26,20,36,43,32,39,41,46,44,45,47,50,25,31,10,13,0,0,0,0,0,8,-2,0,-4,6,0,3,0,43,22,18,19,55,52,70,52,67,50,55,0,120,64,56,56,56,67,136,63,115,93,93,0,0,0,94,38,50,55,44,40,64,9,147,73,81,87,85,0,0,0]} 1. e4 e5 2. Nf3 Nc6 3. Bb5 Nf6 4. d3 Bc5 5. Nbd2 O-O 6. Bxc6 {C65: Ruy Lopez: Berlin Defence (3...Nf6), unusual lines and 4 0-0 Bc5.} bxc6 7. Nxe5 d5 8. O-O Qe8 9. Nef3 dxe4 10. Re1 {[%cal Rd2e4]} Bf5 11. Nxe4 Nxe4 12. dxe4 Bxe4 13. Be3 Bd6 14. Ng5 {next Bf4! is good for White.} Bg6 15. Bxa7 Qc8 (15... Qd8 $5 16. Be3 $8 Qf6 $11) 16. Be3 Qf5 17. c3 Rfb8 18. Qe2 c5 19. f3 Qe5 20. f4 $36 {[%mdl 2048] White has some pressure.} Qd5 21. c4 Qc6 22. b3 Re8 23. Qf2 Bf5 24. Nf3 f6 25. h3 Re7 26. Rad1 Rae8 27. b4 ({White should play} 27. Nh4 $14 Bd7 28. Bd2) 27... Re4 (27... cxb4 $11 {keeps the balance.} 28. c5 Rxe3 $1 {[%mdl 512]} 29. Rxe3 Rxe3) 28. Nd2 ({Of course not} 28. bxc5 $6 Bf8 $11) (28. Bxc5 $16 Bxc5 29. Qxc5 Qxc5+ 30. bxc5) 28... R4e6 $14 29. Nb3 {[%cal Rb4c5]} Re4 30. Bxc5 Rxf4 (30... Bxf4 $14 31. Nd4 Rxe1+ 32. Rxe1 Rxe1+ 33. Qxe1 Qe4 34. Qxe4 Bxe4) 31. Qd2 (31. Nd4 $16 Rxf2 32. Nxc6 Rxe1+ 33. Rxe1 Bxc5 34. bxc5) 31... Rxe1+ (31... Be5 $1 $14) 32. Rxe1 {And now Bxd6 would win.} Rxc4 {Hoping for ...Rc2.} 33. Qf2 (33. Na5 $16 Bxc5+ 34. Kh1) 33... Rf4 (33... Qd5 $11) 34. Qd2 $16 Rc4 {Strongly threatening ...Rc2.} 35. Bxd6 (35. Na5 $1 $16 {[%cal Ra5c6]} Bxc5+ 36. Kh1) 35... Rc2 $14 ({Don't go for} 35... cxd6 $2 36. Na5 $18) 36. Rc1 $1 {[%cal Rc1c2]} Rxc1+ 37. Nxc1 {aiming for Bg3.} cxd6 {[#]} 38. Ne2 (38. a4 $1 $14 {[%mdl 512]}) 38... h6 {[#]} (38... Be4 $11) 39. Nd4 ({White should try} 39. a4 $1 {[%mdl 512]}) 39... Qd5 $16 40. a4 Be4 {[#]} 41. a5 (41. g3 $1 $16) 41... Bxg2 $1 $11 42. b5 {Accuracy: White = 73%, Black = 72%.} 1/2-1/2

[Event "18th Aeroflot Open-A 2020"]
[Site "Moscow"]
[Date "2020.02.21"]
[Round "3.17"]
[White "Suleymanli, Aydin"]
[Black "Praggnanandhaa R"]
[Result "1/2-1/2"]
[WhiteElo "2474"]
[BlackElo "2602"]
[Annotator "TA"]
[PlyCount "125"]
[EventDate "2020.02.19"]
[EventType "swiss"]
[EventCountry "RUS"]
[SourceTitle "playchess.com"]
[Source "ChessBase"]
[SourceQuality "1"]

{[%evp 9,125,61,46,45,50,28,39,14,22,36,33,24,43,37,34,19,23,10,34,31,31,20,24,39,39,32,34,0,58,-14,-9,-14,-14,-22,9,-23,0,-30,-27,-38,-29,-36,-36,-35,-35,-27,0,-75,-67,-100,-75,-89,-66,-72,0,0,7,-5,-11,-20,0,0,0,-227,-227,-227,-227,-212,-205,-211,-174,-172,-168,-176,-126,-152,-127,-231,-207,-196,-156,-412,-397,-454,-445,-449,-389,-368,-398,-400,-381,-425,-387,-385,-454,-461,-460,-449,-473,-450,-481,-477,-441,-433,-451,-464,-417,-2504,0,0,0,0,0,0,0,0,0,0]} 1. c4 b6 2. Nc3 Bb7 3. Nf3 Nf6 4. d4 g6 5. Qc2 Bg7 6. Bg5 {A50: Queen's Fianchetto Defence (1 d4 Nf6 2 c4 b6).} d6 7. h3 O-O {[#]} 8. e3 $146 {White is slightly better.} ({Predecessor:} 8. Rd1 Nbd7 9. e4 Qe8 10. Be2 Rc8 11. O-O e6 12. Rfe1 h6 13. Bh4 Nh5 14. d5 {1-0 (36) Breitenfeldt,U (1651)-Brandt,J (1818) Binz 2016}) 8... a6 9. Be2 c5 10. O-O Nbd7 11. d5 b5 12. e4 b4 13. Nd1 e6 14. Ne3 Qc7 15. Rad1 Rfe8 16. Nd2 a5 17. Rde1 a4 18. Qb1 b3 (18... h6 $11 19. Bf4 Qb6) 19. a3 (19. axb3 $14 axb3 20. Nxb3) 19... Ba6 $11 20. Bf4 Re7 21. Bg5 Ree8 22. h4 exd5 23. exd5 h5 24. Bf4 Re7 25. Bg5 Rae8 26. Qc1 Ne5 27. Nb1 Ne4 28. Bf4 (28. Bxe7 $11 {remains equal.} Qxe7 29. g3) 28... Qa5 29. f3 Nf6 30. Bg5 Ned7 31. Bd3 {[#]} Nh7 (31... Nxd5 $1 $17 {[%mdl 512]} 32. Bxe7 (32. cxd5 Bxd3) 32... Nxe7) 32. Bxe7 Rxe7 33. Nc3 Bd4 34. Kh1 Qd8 35. g3 (35. Nxa4 $2 Rxe3 36. Rxe3 Qxh4+ 37. Kg1 Ne5 $19) 35... Ne5 36. Bb1 $2 (36. Be2 $11) 36... Nxc4 $19 37. Nxc4 Bxc4 38. Rxe7 Qxe7 39. Re1 Qd7 $40 {[%cal Rd7h3][%mdl 128] Black attacks with force.} 40. Kg2 Nf6 41. Ne2 Bxe2 $1 (41... Bxd5 42. Nxd4 cxd4 43. Qf4 $16) 42. Rxe2 Nxd5 43. Qg5 (43. Bd3 $17 {is a better defense.}) 43... Nf6 $1 44. Bd3 Kg7 45. Rd2 $2 (45. Qf4 $17) 45... Qc6 46. Re2 {intending Bxg6!} c4 47. Bb1 Qc7 48. Qd2 Bc5 49. Qg5 Ba7 50. Re6 Qd8 51. Bxg6 fxg6 (51... fxe6 52. Bxh5+ Kf8 53. Qh6+ Kg8 54. Qg5+ Kh7 55. Qg6+ Kh8 56. Qh6+ Nh7 57. Bg6 $11) 52. Qf4 d5 53. Qe5 {Threatens to win with Re7+.} Kf7 (53... Bc5 54. Rc6 $19) 54. Rc6 {And now Rc7+ would win.} Bb8 55. Qe6+ Kg7 56. g4 hxg4 57. fxg4 {aiming for g5.} d4 $1 58. Kh3 {[#]} (58. Qxc4 $142 Qd7 59. Qe6 Qxe6 60. Rxe6 Nxg4 61. Kf3 Ne5+ 62. Ke2 d3+ 63. Kd2) 58... g5 $2 ({Better is} 58... c3 $1 $19 59. bxc3 dxc3) 59. h5 $1 $11 {Hoping for Qf5.The position is equal.} d3 {Strongly threatening ...d2.} 60. Qf5 $1 {[%cal Rf5g5]} d2 {[#]} 61. h6+ $1 {[%mdl 512]} Kf7 $1 ({Stronger than} 61... Kh8 {[#]} 62. Rc8 $1 {[%mdl 512]} Ng8 63. Rxd8 Bf4 64. Qf6+ Kh7 65. Qg7#) (61... Kxh6 62. Rxf6+) 62. Qe6+ {[%mdl 64] Double Attack} Kg6 {( -> ...Qd3+)} (62... Kf8 $5 63. Rc8 $8 d1=Q 64. Qxf6+ {[%mdl 64] Double Attack, Pin} Ke8 65. Qe6+ (65. Rxd8+ Qxd8 66. Qe6+ Kf8 $11) (65. Qh8+ Kf7 $11) 65... Kf8 66. Rxd8+ Qxd8 67. Qf5+ Kg8 68. Qg6+ Kf8 69. Qg7+ Ke8 70. Qg8+ Kd7 $11) 63. Qf5+ {Accuracy: White = 70%, Black = 89%.} 1/2-1/2

[Event "18th Aeroflot Open-A 2020"]
[Site "Moscow"]
[Date "2020.02.21"]
[Round "3.18"]
[White "Sargissian, Gabriel"]
[Black "Bharath Subramaniyam H"]
[Result "0-1"]
[WhiteElo "2689"]
[BlackElo "2402"]
[Annotator "TA"]
[PlyCount "74"]
[EventDate "2020.02.19"]
[EventType "swiss"]
[EventCountry "RUS"]
[SourceTitle "playchess.com"]
[Source "ChessBase"]
[SourceQuality "1"]

{[%evp 12,74,7,2,0,0,-8,0,-12,-29,-35,-28,-34,-18,-27,-35,-24,-31,-28,-39,-32,-98,-92,-128,-129,-141,-144,-193,-185,-184,-189,-193,-186,-192,-227,-192,-189,-230,-213,-249,0,-208,-200,-208,-183,-250,-236,-242,-237,-244,-243,-237,-237,-225,-170,-243,-229,-242,-259,-214,-227,-236,-242,-1219,-1147]} 1. d4 Nf6 2. c4 e6 3. Nf3 d5 4. Nc3 c6 5. g3 dxc4 6. Bg2 b5 7. Ne5 a6 {[%cal Ba7a6,Ba6a5][%mdl 32] E04: Open Catalan: 5 Nf3.} 8. O-O {8.a4 is vanishing.} Bb7 9. b3 b4 {The position is equal.} 10. Ne4 {outshines the older 10.Na4.} Nxe4 11. Bxe4 c3 12. a3 a5 $1 13. axb4 Bxb4 {[#]} 14. Bf4 $146 ({Predecessor:} 14. Ra4 O-O 15. Ba3 Qe7 16. Qc1 Rd8 17. e3 c5 18. Bxb7 Qxb7 19. dxc5 Na6 20. Nc4 Nxc5 21. Nxa5 Rxa5 22. Rxb4 {0-1 (39) Gupta,A (2606)-Firouzja,A (2682) Xingtai 2019}) 14... O-O 15. Qd3 h6 16. g4 ({Better is} 16. Nc4 $1 $15) 16... Nd7 $17 {[%cal Bb8d7,Bd7f6,Bf6d5,Bd5f4][%mdl 32]} 17. Qg3 Nf6 18. Bf3 {With the idea g5.} Nd5 ({Stronger than} 18... Qxd4 19. Rad1 $16) 19. Nd3 Nxf4 {[%mdl 64] Discovered Attack} 20. Qxf4 {[#]} Bd6 $1 {[%cal Rd6f4]} 21. Qe3 {[#]} Qh4 $1 {[%csl Gd6][%cal Rh4h2]} 22. Rfc1 Qxh2+ 23. Kf1 Bb4 24. Nc5 Ra7 25. Nd3 Raa8 26. Nc5 $1 {[%cal Rc5b7]} Bc8 {...e5! is the strong threat.} 27. Nd3 Bd7 28. Ne5 (28. Qe5 $142 Qh3+ 29. Kg1) 28... Rfd8 $19 29. Rxc3 Bxc3 30. Qxc3 Be8 31. e3 f6 32. Nxc6 Rac8 {And now ...Bxc6 would win.} 33. Rxa5 (33. Qc4 $142 Kh8 34. Qxe6) 33... Bxc6 $1 ({Much less strong is} 33... Qh3+ 34. Bg2 $17) 34. Bxc6 Qh3+ 35. Ke1 Qxg4 36. b4 {[#]} e5 $1 37. d5 $2 {[#]} (37. Qb3+ Kh8 38. d5) (37. dxe5 Qd1#) 37... Rxc6 $1 {[%mdl 512] Accuracy: White = 57%, Black = 92%.} 0-1

[Event "18th Aeroflot Open-A 2020"]
[Site "Moscow"]
[Date "2020.02.21"]
[Round "3.19"]
[White "Maghsoodloo, Parham"]
[Black "Aryan Chopra"]
[Result "1/2-1/2"]
[WhiteElo "2674"]
[BlackElo "2562"]
[Annotator "TA"]
[PlyCount "65"]
[EventDate "2020.02.19"]
[EventType "swiss"]
[EventCountry "RUS"]
[SourceTitle "playchess.com"]
[Source "ChessBase"]
[SourceQuality "1"]

{[%evp 14,65,20,6,18,12,14,14,21,21,13,6,16,2,4,8,20,15,67,29,43,40,45,0,0,0,0,0,0,0,-7,0,0,0,0,0,8,8,8,8,8,8,8,8,11,0,0,0,0,0,139,0,0,0]} 1. d4 Nf6 2. c4 g6 3. Nc3 d5 4. cxd5 Nxd5 5. Bd2 Bg7 6. e4 Nxc3 7. Bxc3 O-O 8. Qd2 c5 {[%cal Rc5d4] D85: Exchange Grünfeld: Unusual White 7th moves and lines with 7 Nf3.} 9. d5 e6 10. Bc4 Bxc3 11. bxc3 exd5 12. Bxd5 Nd7 13. Nf3 Nf6 14. O-O Re8 15. Rfe1 {[#]} Qc7 $146 (15... Bg4 $11) ({Predecessor:} 15... Bg4 16. Ng5 Be6 17. c4 Bxd5 18. exd5 b5 19. cxb5 Qxd5 20. Qxd5 Nxd5 21. Ne4 a6 22. bxa6 Rxa6 23. Nxc5 Rxe1+ 24. Rxe1 Rxa2 {½-½ (30) Kasimdzhanov,R (2705)-Radjabov,T (2731) Tbilisi 2015}) 16. Qh6 {And now Ng5 would win.} Nxd5 17. exd5 {[%cal Re1e8] [#]} Bf5 $1 18. d6 Qxd6 19. Ng5 Qf6 $1 {[%cal Rf6g7]} 20. Qxh7+ Kf8 21. f4 Qg7 22. Qh4 {[#] Black must now prevent Nh7+.} Qxc3 23. h3 (23. Nh7+ $2 Kg7 $17) 23... c4 24. Kh2 $40 {[%mdl 128] White mounts an attack.} Bd3 ({Don't play} 24... Rxe1 25. Rxe1 Qg7 26. Nh7+ Kg8 27. Nf6+ Kf8 28. Nd5 $16) 25. f5 ({Reject} 25. Nh7+ Kg7 $17) 25... Bxf5 26. Rac1 Qb2 27. Qxc4 {[%csl Gg5][%cal Rc4f7]} Qg7 $1 28. Qb4+ Kg8 29. Qxb7 {Threatening Rc7!} Qf6 30. h4 Qd6+ 31. Kh1 Rxe1+ 32. Rxe1 Rf8 $1 33. Re8 {Accuracy: White = 90%, Black = 96%.} 1/2-1/2

[Event "18th Aeroflot Open-A 2020"]
[Site "Moscow"]
[Date "2020.02.21"]
[Round "3.20"]
[White "Rakhmanov, Aleksandr"]
[Black "Kunin, Vitaly"]
[Result "1/2-1/2"]
[WhiteElo "2645"]
[BlackElo "2550"]
[Annotator "TA"]
[PlyCount "134"]
[EventDate "2020.02.19"]
[EventType "swiss"]
[EventCountry "RUS"]
[SourceTitle "playchess.com"]
[Source "ChessBase"]
[SourceQuality "1"]

{[%evp 9,134,0,14,0,10,-1,14,0,54,-18,-9,-12,-5,-14,-14,-20,-20,-36,-45,-61,-57,-53,-67,-64,-50,-54,-25,-42,-35,-62,-52,-47,-51,-47,-27,-26,-45,-16,-23,-30,-21,-49,-29,-53,-45,-100,-102,-189,-202,-233,-217,-225,-191,-223,-231,-230,-231,-229,-218,-229,-231,-244,-247,-257,-251,-306,-341,-347,-334,-322,-306,-321,-260,-258,-248,-252,-234,-212,-158,-177,-150,-160,-80,-83,-98,-89,-83,-70,-11,-17,-17,-283,-262,-268,-225,-454,-449,-447,-440,-409,-289,-107,-8,-8,0,0,0,0,0,0,0,0,0,0,0,0,0,0,0,0,0,0,8,8,8,8,8]} 1. c4 e5 2. Nc3 Bb4 3. Nd5 Bd6 4. g3 c6 5. Nc3 Nf6 6. Bg2 {A21: English Opening: 1...e5 2 Nc3.} O-O 7. e4 a6 8. Nge2 b5 {[#]} ({Better is} 8... Bc7 $11) 9. d3 $146 ({White should try} 9. d4 $14) ({Predecessor:} 9. b3 Bc5 10. O-O d6 11. h3 Re8 12. d3 Nbd7 13. Rb1 b4 14. Na4 Ba7 15. Kh1 {0-1 (28) Seeman,T (2410)-Kovalenko,I (2640) Tallinn 2020}) 9... Bc5 10. O-O d6 11. h3 Nbd7 12. Rb1 Ba7 13. Kh2 Nb6 14. b3 b4 15. Na4 Nxa4 16. bxa4 Rb8 17. f4 Nd7 18. Bd2 a5 19. f5 d5 20. exd5 cxd5 21. Bxd5 Nf6 22. Bg5 $1 Ng4+ {[%mdl 64] Discovered Attack} 23. hxg4 Qxg5 24. Ng1 $1 Bb7 25. Nh3 Qd8 26. f6 Bxd5 27. cxd5 (27. fxg7 $15 Kxg7 28. cxd5) 27... Qxd5 $17 28. Qd2 (28. Qe2 $17) 28... Rb6 $1 $19 29. Ng5 Rd8 $1 (29... gxf6 30. Ne4 $11) (29... Rxf6 30. Rxf6 gxf6 31. Ne4 $11) 30. Rbd1 {intending Ne4.} Rbd6 (30... gxf6 31. Ne4 $15) 31. Qe2 Rxf6 32. Rxf6 gxf6 33. Ne4 Kg7 34. Kh3 Bc5 35. Rc1 Be7 36. Nf2 Rd6 37. Rc4 {[#]} f5 $1 {[%cal Rd6h6][%mdl 512]} 38. Kh2 (38. gxf5 Rh6+) 38... Rh6+ 39. Nh3 {[#]} f4 $1 {[%mdl 512]} 40. Qe4 (40. gxf4 Rxh3+) 40... Qxe4 41. Rxe4 {[%mdl 4096] Endgame KRB-KRN} Rc6 42. gxf4 Rc2+ 43. Kg3 exf4+ 44. Kf3 Bd6 45. Rd4 Bc7 (45... Bb8 $142 46. Rd5 Bc7) 46. Rc4 $17 Rc3 47. Nxf4 Bxf4 48. Kxf4 {KR-KR} Kf6 ({Black should play} 48... Kg6 $15) 49. g5+ Kg6 {aiming for ...f6.} 50. Kg4 $2 {[%mdl 8192] [#]} (50. Re4 $1 $11) 50... f6 $1 $19 ({Not} 50... Rxd3 51. Rc6+ Kg7 52. Rc5 $11) 51. Rd4 Rc2 ({Less strong is} 51... fxg5 52. Rd6+ Kf7 53. Rd5 $15) 52. gxf6 $2 (52. Rd6 Rg2+ 53. Kf4 Rxg5 54. Rd8) 52... Rxa2 53. Rf4 {[#]} h5+ $1 54. Kh4 {Intending f7 and mate.} Kf7 {Hoping for ...b3.} 55. Kg5 Rg2+ (55... b3 $17 {And now ...b2 would win.} 56. Rd4 Rg2+ 57. Kf5 Rf2+ 58. Kg5 Ke6 59. Re4+ Kd5) 56. Kxh5 $11 {The position is equal.} Rg8 (56... Ra2 $5 57. Kg5 $8 Rg2+ 58. Kf5 Rh2 $11) 57. Rf5 Rb8 {...b3 is the strong threat.} (57... b3 $5 58. Rb5 $8 Kxf6 $11) 58. Kg5 b3 {Threatens to win with ...b2.} 59. Rf1 $1 Rd8 (59... b2 $5 60. Rb1 $8 Rb3 $11) 60. Rb1 Rxd3 61. Kf5 Rh3 62. Ke5 Rh5+ 63. Kd4 Rh4+ 64. Kc3 Rxa4 65. Rxb3 Rb4 66. Rxb4 axb4+ 67. Kxb4 Kxf6 {Whites escaped into a draw. Accuracy: White = 72%, Black = 81%.} 1/2-1/2